Cast of House of Cards Quiz Stats

Quiz not verified by Sporcle

Challenge
Share
Tweet
Embed
Score 0/15 Timer 05:00
0 Plays Today
Character Actor/Actress % Correct
Francis UnderwoodKevin Spacey
99.2%
Zoe BarnesKate Mara
95.4%
Claire UnderwoodRobin Wright
94.7%
Doug StamperMichael Kelly
64.9%
Peter RussoCorey Stoll
56.5%
Linda VasquezSakina Jaffrey
37.4%
Remy DantonMahershala Ali
35.9%
Christina GallagherKristen Connolly
32.8%
Character Actor/Actress % Correct
Garrett WalkerMichael Gill
27.5%
Janine SkorskyConstance Zimmer
25.2%
Lucas GoodwinSebastian Arcelus
16.8%
Gillian ColeSandrine Holt
14.5%
Tom HammerschmidtBoris McGiver
14.5%
Adam GallowayBen Daniels
13.7%
Jim MatthewsDan Ziskie
10.7%

You're not logged in!

Compare scores with friends on all Sporcle quizzes.
Join for Free
OR
Log In

You Might Also Like...

Show Comments

Extras

Top Quizzes Today


Score Distribution

Your Account Isn't Verified!

In order to create a playlist on Sporcle, you need to verify the email address you used during registration. Go to your Sporcle Settings to finish the process.

Report this User

Report this user for behavior that violates our Community Guidelines.

Details: